[Event "Unna op"]
[Site "Unna"]
[Date "2008.12.27"]
[Round "1"]
[White "Kartsev, Soel"]
[Black "Koerber, Matthias"]
[Result "1/2-1/2"]
[WhiteElo "2200"]
[BlackElo "1668"]
[PlyCount "61"]
[EventDate "2008.12.27"]
[EventType "swiss"]
[EventRounds "7"]
[EventCountry "GER"]
[SourceTitle "CBM 128 Extra"]
[Source "ChessBase"]
[SourceDate "2009.03.05"]
[SourceVersion "2"]
[SourceVersionDate "2009.03.25"]
[SourceQuality "1"]

1. b4 c6 2. Bb2 a5 3. a3 axb4 4. axb4 Rxa1 5. Bxa1 Qb6 6. c3 Nf6 7. e3 d5 8. Nf3 Bg4 9. Be2 e6 10. 0-0 Bd6 11. d3 0-0 12. Nbd2 Nbd7 13. h3 Bh5 14. Nd4 Bg6 15. N2f3 h6 16. g4 Bb8 17. Nh4 e5 18. Ndf5 e4 19. dxe4 dxe4 20. c4 Rd8 21. c5 Qc7 22. Nd6 Ne8 23. Bc4 Kh7 24. f4 exf3 25. Nxg6 fxg6 26. Rxf3 Ndf6 27. Be5 Qe7 28. Bd4 Bxd6 29. cxd6 Nxd6 30. Bxf6 gxf6 31. Bd3 1/2-1/2